The theory of international trade
Sparad:
| Huvudupphovsman: | |
|---|---|
| Materialtyp: | Bok |
| Språk: | Undetermined |
| Publicerad: |
London
William Hodge
1936
|
| Ämnen: | |
| Taggar: |
Lägg till en tagg
Inga taggar, Lägg till första taggen!
|
| Thư viện lưu trữ: | Trung tâm Học liệu Trường Đại học Cần Thơ |
|---|
| LEADER | 00497nam a2200181Ia 4500 | ||
|---|---|---|---|
| 001 | CTU_80322 | ||
| 008 | 210402s9999 xx 000 0 und d | ||
| 082 | |a 382.01 | ||
| 082 | |b H114 | ||
| 100 | |a Haberler, Gottfried Von | ||
| 245 | 4 | |a The theory of international trade | |
| 245 | 0 | |c Gottfried Von Haberler | |
| 260 | |a London | ||
| 260 | |b William Hodge | ||
| 260 | |c 1936 | ||
| 650 | |a International trade | ||
| 904 | |i Trọng Hải | ||
| 980 | |a Trung tâm Học liệu Trường Đại học Cần Thơ | ||